Statistics for TOP 10 BEST PLAYERS

Click here to take the quiz!

General Stats

  • This quiz has been taken 7 times
  • The average score is 9 of 10

Answer Stats

CLUBAnswer% Correct
BARCELONAMESSI
100%
PARIS-SAINT-GERMAINNEYMAR
100%
JUVENTUSRONALDO
100%
MANCHESTER CITYAGUERO
86%
REAL MADRIDBALE
86%
LA GALAXYIBRAHIMOVIC
86%
VISSEL KOBE (JAPANESE CLUB)INIESTA
86%
BAYERN MUNICHNEUER
86%
BARCELONASUAREZ
86%
BAYERN MUNIHCHROBBEN
71%

Score Distribution

Percentile by Number Answered

Percent of People with Each Score

Your Score History

You have not taken this quiz